Counties of Norway in 2020 - Statistics

General Stats
  • This quiz has been taken 14 times
  • The average score is 6 of 11
Answer Stats
Hint Answer % Correct
Biggest city is Oslo Oslo
91%
Previous Aust-Agder og Vest-Agder Agder
82%
Biggest city is Bodø Nordland
73%
Biggest city is Stavanger Rogaland
64%
Previous Nord-Trøndelag og Sør-Trøndelag Trøndelag
64%
Previous Hordaland og Sogn og Fjordane Vestland
64%
Previous Buskerud, Akershus og Østfold Viken
64%
Previous Oppland og Hedmark Innlandet
45%
Biggest city is Ålesund Møre og Romsdal
45%
Previous Vestfold og Telemark Vestfold og Telemark
36%
Previous Troms og Finnmark Troms og Finmark
9%
No matching quizzes found
Score Distribution
Percent of People with Each Score
Percentile by Number Answered
Your Score History
You have not taken this quiz